The noble scholar, jurist, historian


 His Excellency Dr. Abdul Wahhab bin Ibrahim Abu Sulaiman, may Allah have mercy on him.


 He was born in Umm Al-Qura in the year 1356 AH.

الرسول صلى الله عليه وسلم في بيته / (Record no. 13332)

MARC details
000 -LEADER
fixed length control field 01085cam a2200265 i 4500
003 - CONTROL NUMBER IDENTIFIER
control field SA-RiAUC
005 - DATE AND TIME OF LATEST TRANSACTION
control field 20251119121517.0
008 - FIXED-LENGTH DATA ELEMENTS--GENERAL INFORMATION
fixed length control field 251005s1995 le g 00000cara c
040 ## - CATALOGING SOURCE
Original cataloging agency SA-JeALM
Language of cataloging ara
Transcribing agency SA-RiAUC
Description conventions rda
082 04 - DEWEY DECIMAL CLASSIFICATION NUMBER
Classification number 239.8
090 ## - LOCALLY ASSIGNED LC-TYPE CALL NUMBER (OCLC); LOCAL CALL NUMBER (RLIN)
Classification number (OCLC) (R) ; Classification number, CALL (RLIN) (NR) 239.8
Local cutter number (OCLC) ; Book number/undivided call number, CALL (RLIN) د ي ب
100 1# - MAIN ENTRY--PERSONAL NAME
Personal name الديب، عبد العظيم محمود،
Dates associated with a name 1929-2010
Relator term مؤلف.
245 12 - TITLE STATEMENT
Title الرسول صلى الله عليه وسلم في بيته /
Statement of responsibility, etc. عبد العظيم محمود الديب.
250 ## - EDITION STATEMENT
Edition statement الطبعة الأولى.
264 #1 - PRODUCTION, PUBLICATION, DISTRIBUTION, MANUFACTURE, AND COPYRIGHT NOTICE
Place of production, publication, distribution, manufacture المنصورة - مصر :
Name of producer, publisher, distributor, manufacturer دار الوفاء،
Date of production, publication, distribution, manufacture, or copyright notice 1995
300 ## - PHYSICAL DESCRIPTION
Extent 106 صفحة ؛
Dimensions 22 سم.
336 ## - CONTENT TYPE
Content type term نص
Content type code txt
Source rdacontent
Materials specified كتاب
337 ## - MEDIA TYPE
Media type term بدون وسيط
Media type code n
Source rdamedia
500 ## - GENERAL NOTE
General note اهداء من المؤلف عبدالعظيم الديب الى الشيخ رحمه الله بتاريخ 21 / 7 / 1416 هـ
650 #7 - SUBJECT ADDED ENTRY--TOPICAL TERM
Topical term or geographic name entry element السيرة النبوية
Source of heading or term aucsh
650 #7 - SUBJECT ADDED ENTRY--TOPICAL TERM
Topical term or geographic name entry element زوجات النبي
Source of heading or term aucsh
650 #7 - SUBJECT ADDED ENTRY--TOPICAL TERM
Topical term or geographic name entry element أهل بيت الرسول
Source of heading or term aucsh
942 ## - ADDED ENTRY ELEMENTS (KOHA)
Source of classification or shelving scheme Dewey Decimal Classification
Koha item type Books
Suppress in OPAC No
949 ## - LOCAL PROCESSING INFORMATION (OCLC)
a SA-JeALM
d 251005
u osman123
n 1
Holdings
Withdrawn status Lost status Source of classification or shelving scheme Damaged status Not for loan Collection Home library Current library Date acquired Total checkouts Full call number Barcode Date last seen Price effective from Koha item type
    Dewey Decimal Classification     اهداء DR AbdElwahab Library DR AbdElwahab Library 11/19/2025   239.8 د ي ب 000021253 11/19/2025 11/19/2025 Books